<?xml version="1.0" encoding="UTF-8"?><?xml-stylesheet type="text/xsl" href="static/style.xsl"?><OAI-PMH xmlns="http://www.openarchives.org/OAI/2.0/" xmlns:xsi="http://www.w3.org/2001/XMLSchema-instance" xsi:schemaLocation="http://www.openarchives.org/OAI/2.0/ http://www.openarchives.org/OAI/2.0/OAI-PMH.xsd"><responseDate>2026-04-14T02:07:29Z</responseDate><request verb="GetRecord" identifier="oai:www.recercat.cat:20.500.14342/2509" metadataPrefix="marc">https://recercat.cat/oai/request</request><GetRecord><record><header><identifier>oai:recercat.cat:20.500.14342/2509</identifier><datestamp>2026-01-13T08:28:30Z</datestamp><setSpec>com_2072_482405</setSpec><setSpec>com_2072_183628</setSpec><setSpec>col_2072_482411</setSpec></header><metadata><record xmlns="http://www.loc.gov/MARC21/slim" xmlns:dcterms="http://purl.org/dc/terms/" xmlns:xsi="http://www.w3.org/2001/XMLSchema-instance" xmlns:doc="http://www.lyncode.com/xoai" xsi:schemaLocation="http://www.loc.gov/MARC21/slim http://www.loc.gov/standards/marcxml/schema/MARC21slim.xsd">
   <leader>00925njm 22002777a 4500</leader>
   <datafield ind2=" " ind1=" " tag="042">
      <subfield code="a">dc</subfield>
   </datafield>
   <datafield ind2=" " ind1=" " tag="720">
      <subfield code="a">Boukafri, Kaouthar</subfield>
      <subfield code="e">author</subfield>
   </datafield>
   <datafield ind2=" " ind1=" " tag="720">
      <subfield code="a">Prat Moratonas, Montserrat</subfield>
      <subfield code="e">author</subfield>
   </datafield>
   <datafield ind2=" " ind1=" " tag="260">
      <subfield code="c">2016</subfield>
   </datafield>
   <datafield ind2=" " ind1=" " tag="520">
      <subfield code="a">A la formació inicial de mestres ens trobem amb estudiants que presenten perfils molt diversos respecte a la relació que tenen amb les matemàtiques. Els estudis previs, les vies d’accés a la universitat o els nivells de comprensió i assoliment de les matemàtiques, són alguns dels aspectes que tenim en compte a l’hora de planificar què i com impartir les assignatures dels grau de primària i infantil. El nostre objectiu és per una banda, reflexionar sobre la professió de mestre; i per altra banda, ser rigorosos amb els conceptes i procediments matemàtics. En la present comunicació ens centrarem en el grau d’educació  infantil, on totes les autores hi impartim docència, i descriurem la metodologia de treball que seguim i alguns dels aprenentatges que es poden assolir amb cadascuna de les activitats que proposem.</subfield>
   </datafield>
   <datafield ind1="8" ind2=" " tag="024">
      <subfield code="a">http://hdl.handle.net/20.500.14342/2509</subfield>
   </datafield>
   <datafield tag="653" ind2=" " ind1=" ">
      <subfield code="a">Matemàtica -- Ensenyament</subfield>
   </datafield>
   <datafield tag="653" ind2=" " ind1=" ">
      <subfield code="a">Mestres d'Educació Infantil - Formació</subfield>
   </datafield>
   <datafield ind2="0" ind1="0" tag="245">
      <subfield code="a">Comencem per la formació inicial!</subfield>
   </datafield>
</record></metadata></record></GetRecord></OAI-PMH>